[Event "Oberliga Ost-A 2122"]
[Site "Germany"]
[Date "2021.10.10"]
[Round "1.8"]
[White "Perekhozhuk, Maksym"]
[Black "Duchrow, Oliver"]
[Result "0-1"]
[WhiteElo "1978"]
[BlackElo "2064"]
[PlyCount "84"]
[EventDate "2021.10.10"]
[EventType "team-tourn"]
[EventRounds "11"]
[EventCountry "GER"]
[SourceTitle "EXT 2023"]
[Source "ChessBase"]
[SourceDate "2022.10.05"]
[SourceVersion "1"]
[SourceVersionDate "2022.10.05"]
[SourceQuality "1"]
[WhiteTeam "Halle USV"]
[BlackTeam "Sangerhausen"]
[WhiteTeamCountry "GER"]
[BlackTeamCountry "GER"]

1. e4 e5 2. Nf3 d6 3. Bc4 Be7 4. c3 Nf6 5. Qb3 0-0 6. Ng5 Qe8 7. d4 exd4 8. cxd4 h6 9. Nxf7 Rxf7 10. Bxf7+ Qxf7 11. Qxf7+ Kxf7 12. e5 Nd5 13. Bd2 Nc6 14. exd6 Bxd6 15. Bc3 Bf5 16. 0-0 Re8 17. Nd2 Re2 18. Nc4 Bf4 19. g3 Bd3 20. Ne5+ Bxe5 21. dxe5 Nxc3 22. bxc3 Nxe5 23. f4 Ng4 24. h3 Re3 25. hxg4 Bxf1 26. Kxf1 Rxg3 27. Kf2 Rxg4 28. Kf3 Rg6 29. Rc1 Rc6 30. Ke4 Kf6 31. c4 b5 32. c5 Re6+ 33. Kf3 Ra6 34. Rc2 Ra3+ 35. Kg4 g6 36. Rb2 a6 37. Rd2 h5+ 38. Kh4 Ra4 39. Rd7 Rxf4+ 40. Kg3 Ra4 41. Rxc7 Rxa2 42. c6 Rc2 0-1

[Event "Oberliga Ost-A 1920"]
[Site "Germany"]
[Date "2019.12.07"]
[Round "4.8"]
[White "Duchrow, Oliver"]
[Black "Hoffmann, Uwe1111"]
[Result "1/2-1/2"]
[WhiteElo "2080"]
[BlackElo "2122"]
[PlyCount "83"]
[EventDate "2019.09.29"]
[EventType "team-tourn"]
[EventRounds "11"]
[EventCountry "GER"]
[SourceTitle "EXT 2021"]
[Source "ChessBase"]
[SourceDate "2020.10.23"]
[SourceVersion "1"]
[SourceVersionDate "2020.10.23"]
[SourceQuality "1"]
[WhiteTeam "Sangerhausen"]
[BlackTeam "Magdeburg Rochade"]
[WhiteTeamCountry "GER"]
[BlackTeamCountry "GER"]

1. e4 d6 2. d4 Nf6 3. Nc3 e5 4. Nf3 exd4 5. Nxd4 Be7 6. Bd3 0-0 7. 0-0 Re8 8. Kh1 c5 9. Nde2 Nc6 10. Nf4 Bf8 11. Nfd5 Nxd5 12. Nxd5 Ne5 13. Be2 Nc6 14. Qd3 Nd4 15. Bd1 Bd7 16. a4 Rc8 17. c3 Ne6 18. Qg3 Kh8 19. Bc2 Bc6 20. Be3 Nc7 21. Rad1 Nxd5 22. exd5 Bd7 23. Bg5 Be7 24. Qh4 g6 25. f4 f5 26. Rde1 Bxg5 27. fxg5 Qb6 28. b3 Rxe1 29. Rxe1 Re8 30. Rxe8+ Bxe8 31. Qe1 Qd8 32. Qe6 Kg7 33. c4 Bf7 34. Qe3 Qe8 35. Qxe8 Bxe8 36. h4 b6 37. Kh2 a6 38. g4 fxg4 39. Kg3 a5 40. Kxg4 Bd7+ 41. Kf4 Bc8 42. Kg3 1/2-1/2

[Event "Oberliga Ost-B 1718"]
[Site "Germany"]
[Date "2018.02.04"]
[Round "7.7"]
[White "Neubauer, Andreas"]
[Black "Duchrow, Oliver"]
[Result "0-1"]
[WhiteElo "2145"]
[BlackElo "2039"]
[PlyCount "76"]
[EventDate "2017.10.22"]
[EventType "team-tourn"]
[EventRounds "11"]
[EventCountry "GER"]
[SourceTitle "EXT 2019"]
[Source "ChessBase"]
[SourceDate "2018.10.10"]
[SourceVersion "1"]
[SourceVersionDate "2018.10.10"]
[SourceQuality "1"]
[WhiteTeam "Stadtilm Blau Weiss"]
[BlackTeam "Sangerhausen"]
[WhiteTeamCountry "GER"]
[BlackTeamCountry "GER"]

1. d4 f5 2. Nc3 d5 3. Bg5 Nf6 4. Bxf6 exf6 5. g3 c6 6. Bg2 Be6 7. Nh3 g5 8. f3 h5 9. Qd3 Qd7 10. Nf2 Na6 11. e4 0-0-0 12. 0-0-0 Bd6 13. Qe2 Rde8 14. Rhe1 h4 15. e5 hxg3 16. hxg3 fxe5 17. dxe5 Bf7 18. f4 Bb4 19. Nd3 Bxc3 20. bxc3 Qe7 21. Rh1 Qa3+ 22. Kd2 Nc7 23. Rb1 d4 24. cxd4 Rxh1 25. Bxh1 Bxa2 26. Rc1 Nb5 27. c3 Bc4 28. Qh5 Rd8 29. d5 Bxd5 30. Bxd5 Rxd5 31. Qxg5 Rxd3+ 32. Kxd3 Qxc1 33. Qxf5+ Kc7 34. Qf7+ Kb6 35. c4 Qf1+ 36. Ke3 Nc3 37. Qg8 Qe2+ 38. Kd4 Qd2# 0-1

[Event "Oberliga Ost-B 1718"]
[Site "Germany"]
[Date "2017.11.12"]
[Round "3.7"]
[White "Haenisch, Uwe"]
[Black "Duchrow, Oliver"]
[Result "1-0"]
[WhiteElo "2195"]
[BlackElo "2039"]
[PlyCount "119"]
[EventDate "2017.10.22"]
[EventType "team-tourn"]
[EventRounds "11"]
[EventCountry "GER"]
[SourceTitle "EXT 2019"]
[Source "ChessBase"]
[SourceDate "2018.10.10"]
[SourceVersion "1"]
[SourceVersionDate "2018.10.10"]
[SourceQuality "1"]
[WhiteTeam "Frankfurt Koenig Nied"]
[BlackTeam "Sangerhausen"]
[WhiteTeamCountry "GER"]
[BlackTeamCountry "GER"]

1. e4 e5 2. f4 exf4 3. Nf3 h6 4. Bc4 d6 5. d4 g5 6. 0-0 Bg7 7. g3 Nc6 8. c3 Bh3 9. Rf2 Qe7 10. d5 Ne5 11. Bb5+ Bd7 12. Bxd7+ Qxd7 13. Nd4 fxg3 14. hxg3 Qg4 15. Qxg4 Nxg4 16. Rf1 Be5 17. Kg2 N8f6 18. Kh3 Ke7 19. Nf5+ Kd7 20. Nd2 h5 21. Nf3 Nxe4 22. Nxg5 Nxg5+ 23. Bxg5 Rag8 24. Bf4 Bf6 25. Rae1 Re8 26. Be3 Re4 27. Bd4 Rxe1 28. Rxe1 Ne5 29. Rf1 Bg5 30. Ng7 Ke7 31. Rf5 f6 32. Ne6 c5 33. Bxe5 dxe5 34. Nxg5 fxg5 35. Rxe5+ Kf6 36. Re6+ Kf7 37. Re2 b5 38. Re5 Kf6 39. Re6+ Kf5 40. b3 c4 41. bxc4 bxc4 42. Rc6 Rd8 43. d6 Rd7 44. Rc5+ Kf6 45. Rd5 Kg6 46. Kg2 h4 47. g4 Kf6 48. Kf3 Kg6 49. Ke4 Kf6 50. Kd4 h3 51. Kc5 h2 52. Rd1 Ke5 53. Rh1 Rh7 54. Kc6 Kf4 55. d7 Rh8 56. Rxh2 Rxh2 57. d8Q Kxg4 58. Qd4+ Kh3 59. Qh8+ Kg3 60. Qe5+ 1-0

[Event "Oberliga Ost-B 1718"]
[Site "Germany"]
[Date "2017.10.22"]
[Round "1.7"]
[White "Kersten, Uwe"]
[Black "Duchrow, Oliver"]
[Result "1-0"]
[WhiteElo "2245"]
[BlackElo "2039"]
[PlyCount "63"]
[EventDate "2017.10.22"]
[EventType "team-tourn"]
[EventRounds "11"]
[EventCountry "GER"]
[SourceTitle "EXT 2019"]
[Source "ChessBase"]
[SourceDate "2018.10.10"]
[SourceVersion "1"]
[SourceVersionDate "2018.10.10"]
[SourceQuality "1"]
[WhiteTeam "Kassel"]
[BlackTeam "Sangerhausen"]
[WhiteTeamCountry "GER"]
[BlackTeamCountry "GER"]

1. e4 e5 2. Nf3 d6 3. d4 exd4 4. Nxd4 Nf6 5. Nc3 Be7 6. Bf4 0-0 7. Qd2 c6 8. 0-0-0 b5 9. f3 b4 10. Na4 c5 11. Nb5 Qa5 12. b3 Bd7 13. Nxd6 Bxa4 14. bxa4 Qxa4 15. Kb1 Rd8 16. Bb5 Qa3 17. Nc4 Rxd2 18. Bxd2 Nbd7 19. Nxa3 bxa3 20. Bf4 Nf8 21. Bc4 Ng6 22. Bg3 Nh5 23. Bd6 Bf6 24. Rd5 Nhf4 25. Rxc5 Bb2 26. g3 Ng2 27. Rb5 Ne3 28. Bb3 a5 29. Re1 a4 30. Rxe3 axb3 31. Rexb3 h6 32. Rb8+ 1-0

[Event "Oberliga Ost-B 1617"]
[Site "Germany"]
[Date "2017.03.19"]
[Round "8.7"]
[White "Duchrow, Oliver"]
[Black "Klings, Peter"]
[Result "0-1"]
[WhiteElo "2069"]
[BlackElo "2147"]
[PlyCount "136"]
[EventDate "2016.10.16"]
[EventType "team-tourn"]
[EventRounds "11"]
[EventCountry "GER"]
[SourceTitle "EXT 2018"]
[Source "ChessBase"]
[SourceDate "2017.10.13"]
[SourceVersion "1"]
[SourceVersionDate "2017.10.13"]
[SourceQuality "1"]
[WhiteTeam "Sangerhausen"]
[BlackTeam "Moerlenbach Birkenau"]
[WhiteTeamCountry "GER"]
[BlackTeamCountry "GER"]

1. e4 c6 2. d4 d5 3. Nc3 dxe4 4. Nxe4 h6 5. c3 Bf5 6. Bd3 e6 7. Ne2 Bxe4 8. Bxe4 Nf6 9. Bf3 Bd6 10. g3 Nbd7 11. 0-0 0-0 12. Bf4 Bxf4 13. Nxf4 e5 14. dxe5 Nxe5 15. Bg2 Qb6 16. Qb3 Rad8 17. Qxb6 axb6 18. Rfe1 Rfe8 19. Rad1 Rxd1 20. Rxd1 g5 21. Nh3 Ned7 22. Bf1 Nc5 23. f3 Na4 24. Rd2 Re1 25. Rc2 Nd5 26. Kf2 Rxf1+ 27. Kxf1 Ne3+ 28. Ke2 Nxc2 29. Kd2 Ne1 30. Kxe1 Nxb2 31. Nf2 Na4 32. Kd2 Nc5 33. Ke3 Kg7 34. Kd4 f6 35. Ng4 Kg6 36. Ne3 Ne6+ 37. Ke4 Nc5+ 38. Kd4 Ne6+ 39. Ke4 b5 40. Ng2 Nc5+ 41. Kd4 Nd7 42. f4 f5 43. Ne3 Kf6 44. c4 gxf4 45. gxf4 bxc4 46. Nxc4 Ke6 47. Na5 c5+ 48. Kc4 b6 49. Nb3 Kd6 50. a4 Kc6 51. Nc1 Nf6 52. Ne2 Ne4 53. Ng1 Nd6+ 54. Kd3 Kd5 55. Nf3 c4+ 56. Ke3 Kc5 57. Ne5 Kb4 58. Nd7 Kxa4 59. Nxb6+ Kb3 60. Nd7 Nb5 61. Ne5 c3 62. Nd3 Kc2 63. Nb4+ Kb2 64. Kd3 Kb3 65. Nc2 Nc7 66. Ne3 Ne6 67. Ke2 Nxf4+ 68. Kf3 Ne6 0-1

[Event "Oberliga Ost-B 1617"]
[Site "Germany"]
[Date "2016.11.19"]
[Round "2.8"]
[White "Schmidt, Max"]
[Black "Duchrow, Oliver"]
[Result "1-0"]
[WhiteElo "1879"]
[BlackElo "2069"]
[PlyCount "107"]
[EventDate "2016.10.16"]
[EventType "team-tourn"]
[EventRounds "11"]
[EventCountry "GER"]
[SourceTitle "EXT 2018"]
[Source "ChessBase"]
[SourceDate "2017.10.13"]
[SourceVersion "1"]
[SourceVersionDate "2017.10.13"]
[SourceQuality "1"]
[WhiteTeam "Frankfurt TV"]
[BlackTeam "Sangerhausen"]
[WhiteTeamCountry "GER"]
[BlackTeamCountry "GER"]

1. e4 e5 2. Nf3 d6 3. d4 exd4 4. Nxd4 Nf6 5. Nc3 Be7 6. Be2 0-0 7. Bf4 c6 8. Qd2 b5 9. a3 a6 10. Rd1 a5 11. Bf3 Re8 12. 0-0 Ng4 13. e5 dxe5 14. Nxc6 Nxc6 15. Bxc6 Ba6 16. Qe2 Qc8 17. Bxe8 Qxe8 18. Qxg4 exf4 19. Nd5 Bd8 20. Rfe1 Qf8 21. Qxf4 Rc8 22. c3 Bb7 23. Qe5 Bxd5 24. Qxd5 b4 25. axb4 axb4 26. cxb4 Bf6 27. Qd6 Rb8 28. Re4 Bxb2 29. Qxf8+ Kxf8 30. Rb1 Bc3 31. b5 Rb7 32. Kf1 f5 33. Rc4 Ba5 34. Rc5 g6 35. Re5 Bc7 36. Re2 Kf7 37. h3 Ba5 38. Re5 Kf6 39. Re8 Kf7 40. Rh8 Ke6 41. Rc8 Bc7 42. Ke2 Kd5 43. Kd3 Bb6 44. Rb2 Ba7 45. f3 Bb6 46. Rb3 Ba5 47. f4 h5 48. g3 Bc7 49. Rg8 Rb6 50. Rc3 Bd6 51. Rxg6 Rxb5 52. Rf6 Rb1 53. Rxf5+ Ke6 54. Rxh5 1-0

[Event "Oberliga Ost-B 1617"]
[Site "Germany"]
[Date "2016.10.16"]
[Round "1.7"]
[White "Duchrow, Oliver"]
[Black "Halt, David"]
[Result "0-1"]
[WhiteElo "2069"]
[BlackElo "2096"]
[PlyCount "78"]
[EventDate "2016.10.16"]
[EventType "team-tourn"]
[EventRounds "11"]
[EventCountry "GER"]
[SourceTitle "EXT 2018"]
[Source "ChessBase"]
[SourceDate "2017.10.13"]
[SourceVersion "1"]
[SourceVersionDate "2017.10.13"]
[SourceQuality "1"]
[WhiteTeam "Sangerhausen"]
[BlackTeam "Kassel"]
[WhiteTeamCountry "GER"]
[BlackTeamCountry "GER"]

1. e4 e5 2. Nf3 Nc6 3. Bb5 a6 4. Bxc6 dxc6 5. 0-0 Qf6 6. d4 exd4 7. Qxd4 Qxd4 8. Nxd4 c5 9. Ne2 Bd7 10. Nbc3 Bd6 11. Bf4 Bxf4 12. Nxf4 Ne7 13. Nfd5 Nxd5 14. Nxd5 0-0-0 15. Rfd1 Rhe8 16. f3 f5 17. Re1 Re5 18. Nc3 fxe4 19. Re2 Bc6 20. Rae1 Rd4 21. h3 Kd7 22. Kf2 Kd6 23. Nxe4+ Bxe4 24. Rxe4 Rexe4 25. Rxe4 Rd5 26. Re8 Kd7 27. Re2 b5 28. Ke1 b4 29. f4 a5 30. g4 a4 31. f5 Rd4 32. Kf2 h5 33. Kf3 hxg4+ 34. hxg4 c4 35. Re4 c5 36. Ke3 b3 37. cxb3 Rd3+ 38. Kf4 axb3 39. axb3 cxb3 0-1

[Event "Erfurt op 25th"]
[Site "Erfurt"]
[Date "2015.12.27"]
[Round "2"]
[White "Duchrow, Oliver"]
[Black "Schulz, Karsten"]
[Result "0-1"]
[WhiteElo "2124"]
[BlackElo "2288"]
[PlyCount "71"]
[EventDate "2015.12.26"]
[EventType "swiss"]
[EventRounds "8"]
[EventCountry "GER"]
[SourceTitle "EXT 2017"]
[Source "ChessBase"]
[SourceDate "2016.10.25"]
[SourceVersion "1"]
[SourceVersionDate "2016.10.25"]
[SourceQuality "1"]

1. e4 g6 2. d4 Bg7 3. Nc3 d6 4. Be3 a6 5. a4 b6 6. Bc4 Bb7 7. Qd2 Nf6 8. f3 d5 9. Nxd5 Nxd5 10. Bxd5 Bxd5 11. exd5 Qxd5 12. Ne2 Nc6 13. Rd1 0-0 14. Bh6 Rad8 15. h4 Qa5 16. Qxa5 Nxa5 17. Bxg7 Kxg7 18. b3 Rd7 19. d5 Rfd8 20. Nc3 Rd6 21. Kf2 Rc8 22. b4 Nb7 23. Rhe1 Kf8 24. Ne4 Rdd8 25. b5 Nd6 26. bxa6 Ra8 27. Nxd6 cxd6 28. Rb1 Rxa6 29. Rb4 Rda8 30. Ree4 Rc8 31. Rec4 Rxc4 32. Rxc4 Ra5 33. Rb4 Rxd5 34. Ke3 Ra5 35. Kd4 Ke8 36. Rxb6 0-1

[Event "Oberliga Ost-A 1516"]
[Site "Germany"]
[Date "2015.10.11"]
[Round "3.8"]
[White "Duchrow, Oliver"]
[Black "Peglau, Markus"]
[Result "1-0"]
[WhiteElo "2103"]
[BlackElo "1661"]
[PlyCount "69"]
[EventDate "2015.09.20"]
[EventType "team-tourn"]
[EventRounds "11"]
[EventCountry "GER"]
[SourceTitle "EXT 2017"]
[Source "ChessBase"]
[SourceDate "2016.10.25"]
[SourceVersion "1"]
[SourceVersionDate "2016.10.25"]
[SourceQuality "1"]
[WhiteTeam "Sangerhausen"]
[BlackTeam "Bannewitz"]
[WhiteTeamCountry "GER"]
[BlackTeamCountry "GER"]

1. e4 e6 2. d4 d5 3. Nc3 Nf6 4. exd5 exd5 5. Bd3 Be7 6. Nge2 Nc6 7. Bf4 a6 8. f3 Nb4 9. g4 Nxd3+ 10. Qxd3 Be6 11. 0-0-0 c6 12. Kb1 b5 13. Ng3 a5 14. Rde1 a4 15. g5 Nd7 16. g6 hxg6 17. Rxe6 fxe6 18. Qxg6+ Kf8 19. Nh5 Bf6 20. Rg1 Rxh5 21. Qxh5 Bxd4 22. Rg4 Bf6 23. Ne2 e5 24. Bd2 Ke7 25. Ng3 Qf8 26. Nf5+ Kd8 27. Qh7 Kc7 28. Nxg7 Bxg7 29. Rxg7 Rd8 30. Ba5+ Kc8 31. Bxd8 Qxf3 32. Bg5 Qg4 33. Qg8+ Kb7 34. Qf7 Kc8 35. Qe8+ 1-0

[Event "Reykjavik op"]
[Site "Reykjavik"]
[Date "2011.03.14"]
[Round "7"]
[White "Duchrow, Oliver"]
[Black "Johannsdottir, Johanna Bjorg"]
[Result "1-0"]
[WhiteElo "2165"]
[BlackElo "1795"]
[PlyCount "85"]
[EventDate "2011.03.09"]
[EventType "swiss"]
[EventRounds "9"]
[EventCountry "ISL"]
[SourceTitle "CBM 141 Extra"]
[Source "ChessBase"]
[SourceDate "2011.05.03"]
[SourceVersion "1"]
[SourceVersionDate "2011.05.03"]
[SourceQuality "1"]

1. e4 c5 2. Nf3 e6 3. d4 cxd4 4. Nxd4 a6 5. Bd3 Nf6 6. 0-0 Qc7 7. Qe2 d6 8. c4 g6 9. Nc3 Bg7 10. Be3 Nbd7 11. Nf3 0-0 12. Rac1 b6 13. Rfd1 Bb7 14. Nd2 Rac8 15. f3 Qb8 16. Bc2 Rfe8 17. Ba4 Rcd8 18. Qf2 Ba8 19. e5 dxe5 20. Nde4 Bxe4 21. Nxe4 Nxe4 22. fxe4 b5 23. cxb5 axb5 24. Bb3 Qb7 25. Qh4 Rc8 26. Rxc8 Qxc8 27. a4 Qc6 28. a5 Nf6 29. Rc1 Qa8 30. Qe1 Qxe4 31. a6 Ng4 32. Bb6 Qf4 33. g3 Qf3 34. Bd1 Qf5 35. Bc2 Qh5 36. Qe2 Ra8 37. a7 f5 38. Bb3 Qg5 39. Bxe6+ Kh8 40. Rc6 Nf6 41. Qc2 Rxa7 42. Rc8+ Bf8 43. Bxa7 1-0

[Event "Reykjavik op"]
[Site "Reykjavik"]
[Date "2011.03.11"]
[Round "3.68"]
[White "Gates, David"]
[Black "Duchrow, Oliver"]
[Result "1-0"]
[WhiteElo "1698"]
[BlackElo "2165"]
[PlyCount "73"]
[EventDate "2011.03.09"]
[EventType "swiss"]
[EventRounds "9"]
[EventCountry "ISL"]
[SourceTitle "CBM 141 Extra"]
[Source "ChessBase"]
[SourceDate "2011.05.03"]
[SourceVersion "1"]
[SourceVersionDate "2011.05.03"]
[SourceQuality "1"]

1. e4 c5 2. Nf3 e6 3. c3 Qa5 4. Bd3 g6 5. 0-0 Bg7 6. Bc2 Ne7 7. d4 cxd4 8. cxd4 0-0 9. Be3 d5 10. Nc3 Nbc6 11. Qd2 Rd8 12. e5 b5 13. Bg5 Rd7 14. Qf4 Qb6 15. Rad1 a5 16. Qh4 Ba6 17. Rfe1 Qd8 18. Bf6 Qf8 19. Re3 h6 20. g4 Rc8 21. Bb1 Rdc7 22. g5 h5 23. Kg2 a4 24. Ne2 Na5 25. Ne1 Nc4 26. Rh3 Nxb2 27. Ng3 Rc3 28. Rd2 Nc4 29. Rd3 Rxd3 30. Bxd3 Nb2 31. Nxh5 Nxd3 32. Nxg7 Nxe1+ 33. Kh1 Qxg7 34. Bxg7 f5 35. Qh7+ Kf7 36. Bf6+ Ke8 37. Qxe7# 1-0

[Event "Reykjavik op"]
[Site "Reykjavik"]
[Date "2011.03.09"]
[Round "1.5"]
[White "Adly, Ahmed"]
[Black "Duchrow, Oliver"]
[Result "1-0"]
[WhiteElo "2640"]
[BlackElo "2165"]
[PlyCount "49"]
[EventDate "2011.03.09"]
[EventType "swiss"]
[EventRounds "9"]
[EventCountry "ISL"]
[SourceTitle "CBM 141 Extra"]
[Source "ChessBase"]
[SourceDate "2011.05.03"]
[SourceVersion "1"]
[SourceVersionDate "2011.05.03"]
[SourceQuality "1"]

1. d4 f5 2. e4 fxe4 3. Nc3 Nc6 4. d5 Ne5 5. Qd4 Nf7 6. Bf4 Nf6 7. Nb5 Nd6 8. 0-0-0 g6 9. Qc3 c6 10. dxc6 dxc6 11. Be5 cxb5 12. Rxd6 Bh6+ 13. Kb1 exd6 14. Bxf6 Qb6 15. Bxh8 Qxf2 16. Bxb5+ Bd7 17. Nh3 Qxg2 18. Rg1 Qxh2 19. Qc4 Ke7 20. Qxe4+ Kd8 21. Bxd7 Kc7 22. Bc3 Rf8 23. Rh1 Qg3 24. Bb5 Kb8 25. a4 1-0